Neural Networks for Statistical Modeling /

Gespeichert in:
Bibliographische Detailangaben
1. Verfasser: Smith, Murray (Verfasst von)
Format: Buch
Sprache:Englisch
Veröffentlicht: New York : Van Nostrand Reinhold, 1993
Tags: Tag hinzufügen
Keine Tags, Fügen Sie das erste Tag hinzu!

MARC

LEADER 00000nam a22000003a 4500
001 stu22705
005 20150617225746.8
008 940714s1993----xxu-----------------eng-d
020 |a 0-442-01310-8 
040 |a STU  |b slo 
041 0 |a eng 
044 |a xxu 
080 |a 519.711.2 
100 1 |a Smith, Murray  |4 aut 
245 1 |a Neural Networks for Statistical Modeling /  |c [aut.]Smith,Murray 
260 |a New York :  |b Van Nostrand Reinhold,  |c 1993 
300 |a 235 s.Tab.,grafy,lit.,index 
996 |b C92950  |c C*92950  |l CCXX  |s P  |a 0  |w stu22705_0001